El reto 2001 : (Registro nro. 21620)

Detalles MARC
000 -Cabecera
Campo de control interno 01043nam a2200241Ia 4500
005 - Fecha y hora del registro
control field 20260422162845.0
008 - Elementos de Longitud Fija
fixed length control field 260320s9999||||xx |||||||||||||| ||und||
020 ## - ISBN
ISBN 997261770X
041 ## - Idioma
Codigo Idioma ESP
082 ## - DEWEY y NOTACIÓN INTERNA
Dewey 338.985
Notación Interna K88
100 ## - AUTOR
Autor denominación Kuczynski, Pedro Pablo,
Término de relación autor
245 #0 - TÍTULO DE MATERIAL BIBLIOGRÁFICO
Título El reto 2001 :
Título paralelo competir y crear empleo
260 ## - CIUDAD, EDITORIAL, AÑO
Ciudad Lima :
Nombre de la Editorial El Comercio,
Año 2001
300 ## - DESCRIPCIÓN
N° Páginas 183 páginas :
Otros detalles gráficos ;
Dimensiones 23 cm.
650 ## - TEMAS
Temas Ciencias Sociales
653 ## - DESCRIPTORES
Lenguajes no controlado Economía; Producción; Desarrollo y crecimiento económico
654 ## - PROGRAMAS
Programa Dpto. de Administración de Negocios
700 ## - OTROS AUTORES
Otros autores Ortiz de Zevallos, Felipe,
Títulos y otras palabras asociadas con el nombre autor
856 ## - URL - UBICACIÓN
URI/URL: Enlace exacto del recurso <a href="https://0u213xits-y-https-ebooks7--24-com.itmsp.museknowledge.com/visorBook.aspx?i=16782&t=6FD85C47-1F1C-4E7B-944A-A54F68AA76CC">https://0u213xits-y-https-ebooks7--24-com.itmsp.museknowledge.com/visorBook.aspx?i=16782&t=6FD85C47-1F1C-4E7B-944A-A54F68AA76CC</a>
Nota pública: Versión digital <a href="Véase además: RE(invéntate). El poder de (RE)iniciar, (RE)imaginarlo todo y co-crear, por Armando (Re)gil Velasco. Versión digital">Véase además: RE(invéntate). El poder de (RE)iniciar, (RE)imaginarlo todo y co-crear, por Armando (Re)gil Velasco. Versión digital</a>
856 ## - URL - UBICACIÓN
URI/URL: Enlace exacto del recurso <a href="https://itmsp.museknowledge.com/UCSP?groupID=2&action=source&sourceID=eBooks724">https://itmsp.museknowledge.com/UCSP?groupID=2&action=source&sourceID=eBooks724</a>
Nota pública: Versión digital <a href="Véase además: Base de datos Ebook7-24">Véase además: Base de datos Ebook7-24</a>
942 ## - ELEMENTOS DE KOHA
Tipo de documento Libro
Nombre del creador Justo Noguera
Código de catalogador Tania Ramirez
Esquema de clasificación Dewey Decimal Classification
Existencias
Codigo completo Registro Colección Copia número Disponibilidad Tipo de préstamo Biblioteca Actual Procedencia (Biblioteca) Ubicacón Fecha Ingreso Tipo de Adquisición Observación Date last seen Total checkouts Price effective from Tipo de Item Estado del Material Fuente de Clasificación Damaged status Withdrawn status
338.985 K88 1085001 Universidad Católica San Pablo 1 Disponible Disponible Víctor Andrés Belaunde Víctor Andrés Belaunde Planta baja cerrada 10/03/2026 Compra Contabilidad 20/03/2026   20/03/2026 Libro Bueno Dewey Decimal Classification